Epistemologies and the limitations of philosophical enquiry : doctrine in Madhva Vedanta, by Deepak Sarma : book review /
שמור ב:
| מחבר ראשי: | |
|---|---|
| פורמט: | Bài viết |
| שפה: | English |
| נושאים: | |
| תגים: |
הוספת תג
אין תגיות, היה/י הראשונ/ה לתייג את הרשומה!
|
| Thư viện lưu trữ: | Thư viện Trường Đại học Đà Lạt |
|---|
| LEADER | 00755nam a2200241 4500 | ||
|---|---|---|---|
| 001 | DLU090067608 | ||
| 005 | ##20090504 | ||
| 040 | # | # | |a DLU |b eng |
| 041 | # | # | |a eng |
| 044 | # | # | |a US |
| 100 | # | # | |a Bartley, C. J. |
| 245 | # | # | |a Epistemologies and the limitations of philosophical enquiry : doctrine in Madhva Vedanta, by Deepak Sarma : |b book review / |c C. J. Bartley. |
| 653 | # | # | |a Epistemology |
| 773 | # | # | |t Philosophy East and West |g Vol. 57, no. 1 (Jan 2007), p. 126-128 |
| 920 | # | # | |a Phòng Tạp chí -- Trung tâm Thông tin - Thư viện Trường Đại học Đà Lạt |
| 994 | # | # | |a DLU |
| 900 | # | # | |a True |
| 911 | # | # | |a Trương Bảo Trâm Anh |
| 925 | # | # | |a G |
| 926 | # | # | |a A |
| 927 | # | # | |a BB |
| 980 | # | # | |a Thư viện Trường Đại học Đà Lạt |